000 00914cam a22002651i 4500
003 SA-RiAUC
005 20251006091642.0
008 251004s1982 su g 000 0aara c
040 _aSA-RiSAMA
_bara
_cSA-RiAUC
_erda
082 0 4 _a081
090 _a081
_b س ب ا
100 1 _aالسباعي، أحمد،
_d1323-1404 هجري
_eمؤلف.
245 1 0 _aأيامي /
_cأحمد السباعي.
247 1 0 _aأبو زامل
250 _aالطبعةالاولى
264 1 _aالرياض :
_bتهامة للنشر،
_c1982
300 _a116 صفحة ؛
_c24 سم.
336 _aنص
_btxt
_2rdacontent
_3كتاب
337 _aبدون وسيط
_bn
_2rdamedia
338 _aمجلد
_bnc
_2rdacarrier
440 2 _aالكتاب العربي السعودي
_v78
600 1 7 _aالسباعي، أحمد،
_d1323-1404 هجري
_2aucnm
942 _2ddc
_cBOOK
_n0
949 _aSA-JeALM
_d251004
_umohamedma123
_n1
999 _c12426
_d12426